00724nam a2200253 a 4500001001300000003000900013005001700022008004100039020000800080082001700088100001600105245004000121260004100161300000900202500003500211505001000246650002800256650002700284700001600311902000800327942000700335952011300342999001500455nice12345678IN_TiNIC20260116011521.0050524s0000 lona grp 000 0 eng  ac000a954.025bMUK aMukerjee, R aEconomic History of India 1600-1800 aLondonbLongmans, Green and Coc0000 a195p aincludes index and biblioraphy2 aIndex aBritish-India Economics aMughal India-Economics1 aMukerjee, R bSRS cBK 001040708StackRoom-aHMIbHMId2005-05-24g0.00l0o954.025 MUKp00873r2005-05-24v0.00w2005-05-24yBK c2238d2238